000
00280nam a2200121Ia 4500
005
20251222144855.0
008
251222s9999||||xx |||||||||||||| ||spa||
082
_a
338.52/F84
100
_a
Friedman, Milton
245
0
_a
TeorĂa de los Precios
264
_b
Alianza
942
_c
LIB
999
_c
21739
_d
21739